logo

Bir Sreshtho Munshi Abdur Rouf Library
Jhenaidah Cadet College

ভাষা আন্দোলন প্রসঙ্গ : (Record no. 7405)

MARC details
000 -LEADER
fixed length control field 00715nam a2200229 a 4500
001 - CONTROL NUMBER
JCCL Control Number 7405
003 - CONTROL NUMBER IDENTIFIER
JCCL marc code BD-JhCC
005 - DATE AND TIME OF LATEST TRANSACTION
control field 20180303164448.0
008 - FIXED-LENGTH DATA ELEMENTS--GENERAL INFORMATION
fixed length control field 180208s1985 bg |||| ||a| 001 0 be d
020 ## - INTERNATIONAL STANDARD BOOK NUMBER
International Standard Book Number 9840731319
035 ## - SYSTEM CONTROL NUMBER
system control number (BD-JhCC)7405
040 ## - CATALOGING SOURCE
Original cataloging agency BD-JhCC
Modifying agency BD-JhCC
041 ## - LANGUAGE CODE
Language code of Book eng
082 ## - DEWEY DECIMAL CLASSIFICATION NUMBER
Classification number 320.47
Author mark and Year UMO 1985
100 ## - MAIN ENTRY--PERSONAL NAME
Personal name উমর, বদরুদ্দীন
245 ## - TITLE STATEMENT
Title ভাষা আন্দোলন প্রসঙ্গ :
Remainder of title কতিপয় দলিল /
Statement of responsibility, etc বদরুদ্দীন উমর
260 ## - PUBLICATION, DISTRIBUTION, ETC. (IMPRINT)
Place of publication, distribution, etc ঢাকা :
Name of publisher, distributor, etc বাংলা একাডেমী ;
Date of publication, distribution, etc 1985 .
300 ## - PHYSICAL DESCRIPTION
Pagination 414 p. :
Dimensions 22 cm.
651 ## - SUBJECT ADDED ENTRY--GEOGRAPHIC NAME
Geographic name Languase Movemant
942 ## - ADDED ENTRY ELEMENTS (KOHA)
Source of classification or shelving scheme Library of Congress Classification
Koha item type Books
Holdings
Source of classification or shelving scheme Damaged status Not for loan Home library Current library Shelving location Cost, normal purchase price Total Checkouts Full call number Barcode Date last seen Copy number Koha item type
Dewey Decimal Classification     JCC Rouf Library JCC Rouf Library General Stacks 135.00   320.47 UMO 1985 9999 02/08/2018 C - 1 Books

JCC Library | Contacts | JCC Home

Last Update on 23 September 2017
Copyright @ 2017-2020 JCC Rouf Library
Rouf Library, Jhenidah Cadet College (JCC), Bangladesh